Sondage - Vos 6 pays d'Afrique préférés - Statistiques

Statistiques générales
  • Ce quiz a été pris 147 fois
  • Le résultat moyen est 7 sur 54
Statistiques - réponses
Pays Vos préférés % Correct
Maroc Maroc
59%
Égypte Égypte
50%
Afrique du Sud Afrique du Sud
42%
Sénégal Sénégal
37%
Algérie Algérie
32%
Madagascar Madagascar
29%
Kenya Kenya
25%
Tunisie Tunisie
25%
Tanzanie Tanzanie
24%
Côte d'Ivoire Côte d'Ivoire
19%
Cap Vert Cap Vert
18%
Ghana Ghana
18%
Maurice Maurice
18%
Éthiopie Éthiopie
17%
Seychelles Seychelles
17%
Mali Mali
15%
Namibie Namibie
14%
Nigeria Nigeria
13%
République démocratique du Congo République démocratique du Congo
13%
Angola Angola
12%
Bénin Bénin
11%
Cameroun Cameroun
11%
Botswana Botswana
10%
Gabon Gabon
10%
Togo Togo
10%
Comores Comores
9%
Lesotho Lesotho
8%
Mauritanie Mauritanie
8%
Rwanda Rwanda
8%
Djibouti Djibouti
7%
Libye Libye
7%
Burkina Faso Burkina Faso
6%
Burundi Burundi
6%
Eswatini Eswatini
6%
Guinée Bissau Guinée Bissau
6%
Malawi Malawi
6%
Ouganda Ouganda
6%
Zimbabwe Zimbabwe
6%
Érythrée Érythrée
5%
Zambie Zambie
5%
Gambie Gambie
4%
Guinée1 Guinée1
4%
Guinée équatoriale Guinée équatoriale
4%
Libéria Libéria
4%
Mozambique Mozambique
3%
Niger1 Niger1
3%
Tchad Tchad
3%
République Centrafricaine République Centrafricaine
2%
Sao Tome et Principe Sao Tome et Principe
2%
Somalie Somalie
2%
Soudan du Sud Soudan du Sud
2%
République du Congo République du Congo
1%
Sierra Leone Sierra Leone
0%
Soudan1 Soudan1
0%
Aucun quiz correspondant
Distribution des résultats
% des personnes avec chaque résultat
Percentile par nombre de réponses
Votre historique - résultats
Vous n’avez pas pris ce quiz